<?xml version="1.0" encoding="UTF-8"?>
<record
    xmlns:xsi="http://www.w3.org/2001/XMLSchema-instance"
    xsi:schemaLocation="http://www.loc.gov/MARC21/slim http://www.loc.gov/standards/marcxml/schema/MARC21slim.xsd"
    xmlns="http://www.loc.gov/MARC21/slim">

  <leader>01498nam a2200313 a 4500</leader>
  <controlfield tag="001">C01476999c-5</controlfield>
  <controlfield tag="003">CO-ViMGA</controlfield>
  <controlfield tag="005">20230915234239.0</controlfield>
  <controlfield tag="008">150417s2013    ck a   gr     00010 spa d</controlfield>
  <datafield tag="020" ind1=" " ind2=" ">
    <subfield code="a">9789587531138</subfield>
  </datafield>
  <datafield tag="040" ind1=" " ind2=" ">
    <subfield code="a">CO-ViMGA</subfield>
    <subfield code="b">spa</subfield>
    <subfield code="c">CO-ViMGA</subfield>
  </datafield>
  <datafield tag="082" ind1="0" ind2="4">
    <subfield code="a">709.86</subfield>
    <subfield code="b">S15g </subfield>
    <subfield code="2">20</subfield>
  </datafield>
  <datafield tag="111" ind1="2" ind2=" ">
    <subfield code="a">Sal&#xF3;n (inter) Nacional de Artistas "Saberdesconocer" (</subfield>
    <subfield code="d">2013 : </subfield>
    <subfield code="c">Medell&#xED;n, Colombia)</subfield>
    <subfield code="9">6810</subfield>
  </datafield>
  <datafield tag="245" ind1="1" ind2="0">
    <subfield code="a">Gu&#xED;a a lo desconocido / </subfield>
    <subfield code="c">43 Sal&#xF3;n (inter) Nacional de Artistas "Saberdesconocer", Colombia, Medell&#xED;n, septiembre 6 a noviembre 3, 2013 ; traducciones Ana Mar&#xED;a Avellaneda, Andrew &#xDC;tt, Jimmy Weiskopf [y otro].</subfield>
  </datafield>
  <datafield tag="260" ind1=" " ind2=" ">
    <subfield code="a">Medell&#xED;n : </subfield>
    <subfield code="b">Ministerio de Cultura, </subfield>
    <subfield code="c">2013.</subfield>
  </datafield>
  <datafield tag="300" ind1=" " ind2=" ">
    <subfield code="a">355 p&#xE1;ginas : </subfield>
    <subfield code="b">ilustraciones, fotograf&#xED;as ; </subfield>
    <subfield code="c">21 cm.</subfield>
  </datafield>
  <datafield tag="650" ind1="1" ind2="4">
    <subfield code="a">Arte colombiano</subfield>
    <subfield code="v"> Exposiciones</subfield>
    <subfield code="v"> Cat&#xE1;logos.</subfield>
    <subfield code="9">1367</subfield>
  </datafield>
  <datafield tag="650" ind1="1" ind2="4">
    <subfield code="a">Arte conceptual</subfield>
    <subfield code="v"> Exposiciones</subfield>
    <subfield code="v"> Cat&#xE1;logos.</subfield>
    <subfield code="9">6813</subfield>
  </datafield>
  <datafield tag="650" ind1="1" ind2="4">
    <subfield code="a">Arte contempor&#xE1;neo</subfield>
    <subfield code="v"> Exposiciones</subfield>
    <subfield code="v"> Cat&#xE1;logos.</subfield>
    <subfield code="9">1369</subfield>
  </datafield>
  <datafield tag="650" ind1="1" ind2="4">
    <subfield code="a">Arte</subfield>
    <subfield code="v"> Exposiciones</subfield>
    <subfield code="v"> Cat&#xE1;logos.</subfield>
    <subfield code="9">6811</subfield>
  </datafield>
  <datafield tag="650" ind1="1" ind2="4">
    <subfield code="a">Arte</subfield>
    <subfield code="x"> Historia y cr&#xED;tica</subfield>
    <subfield code="v"> Exposiciones</subfield>
    <subfield code="v"> Cat&#xE1;logos.</subfield>
    <subfield code="9">6812</subfield>
  </datafield>
  <datafield tag="650" ind1="1" ind2="4">
    <subfield code="a">Artistas pl&#xE1;sticos colombianos</subfield>
    <subfield code="v"> Entrevistas.</subfield>
    <subfield code="9">6814</subfield>
  </datafield>
  <datafield tag="650" ind1="1" ind2="4">
    <subfield code="a">Artistas pl&#xE1;sticos colombianos</subfield>
    <subfield code="v"> Exposiciones</subfield>
    <subfield code="v"> Cat&#xE1;logos.</subfield>
    <subfield code="9">6815</subfield>
  </datafield>
  <datafield tag="700" ind1="1" ind2=" ">
    <subfield code="a">Albarrac&#xED;n, V&#xED;ctor, </subfield>
    <subfield code="d">1974-, </subfield>
    <subfield code="e">traductor.</subfield>
    <subfield code="9">6836</subfield>
  </datafield>
  <datafield tag="700" ind1="1" ind2=" ">
    <subfield code="a">Avellaneda, Ana Mar&#xED;a, </subfield>
    <subfield code="e">traductora.</subfield>
    <subfield code="9">6834</subfield>
  </datafield>
  <datafield tag="700" ind1="1" ind2=" ">
    <subfield code="a">&#xDC;tt, Andrew, </subfield>
    <subfield code="e">traductor.</subfield>
    <subfield code="9">6837</subfield>
  </datafield>
  <datafield tag="700" ind1="1" ind2=" ">
    <subfield code="a">Weiskopf, Jimmy, </subfield>
    <subfield code="e">traductor.</subfield>
    <subfield code="9">6835</subfield>
  </datafield>
  <datafield tag="942" ind1=" " ind2=" ">
    <subfield code="2">ddc</subfield>
  </datafield>
  <datafield tag="999" ind1=" " ind2=" ">
    <subfield code="c">37601</subfield>
    <subfield code="d">37601</subfield>
  </datafield>
  <datafield tag="952" ind1=" " ind2=" ">
    <subfield code="0">0</subfield>
    <subfield code="1">0</subfield>
    <subfield code="4">0</subfield>
    <subfield code="7">0</subfield>
    <subfield code="8">003</subfield>
    <subfield code="a">MEVIECAR</subfield>
    <subfield code="b">MEVIECAR</subfield>
    <subfield code="d">2016-10-14</subfield>
    <subfield code="l">0</subfield>
    <subfield code="o">709.86 S15g</subfield>
    <subfield code="p">31295</subfield>
    <subfield code="r">2016-10-14 00:00:00</subfield>
    <subfield code="t">Ej.1</subfield>
    <subfield code="w">2016-10-14</subfield>
    <subfield code="y">BK</subfield>
  </datafield>
</record>
